000 00351nam a22001697a 4500
003 UA-OsUOA
001 3708
007 ta
008 20050721b un ||||| |||| 00| 0 ukr d
100 _aWood
700 _aC. E. jr.
942 _cBK
040 _aUA-OsUOA
_cUA-OsUOA
_dUA-OsUOA
245 _aAtlas of Flowering Plants
955 _a2
650 7 _2UDC
999 _c289870
_d289870